Une comparaison internationale des temps de travail.
Ročné trvanie práce za posledné desaťročia pokleslo, kým týždenný čas v 80. rokoch stúpol. Porovnanie je tu obťažné. Vo Francúzsku je pokles a diferenciácia pracovného času. Veľký rozdiel je v individuálnom pracovnom čase. Príloha: ako definovať a merať pracovný čas. (Futuribles 1992, č.165-166.).
Gespeichert in:
| 1. Verfasser: | |
|---|---|
| Format: | Buchkapitel |
| Sprache: | Französisch |
| Schlagworte: | |
| Tags: |
Keine Tags, Fügen Sie das erste Tag hinzu!
|
MARC
| LEADER | 00000naa a2200000 4500 | ||
|---|---|---|---|
| 001 | r010256 | ||
| 005 | 20220913125256.4 | ||
| 041 | 0 | |a fre | |
| 044 | |a FR | ||
| 245 | 1 | 0 | |a Une comparaison internationale des temps de travail. |c O. Marchand |
| 520 | |a Ročné trvanie práce za posledné desaťročia pokleslo, kým týždenný čas v 80. rokoch stúpol. Porovnanie je tu obťažné. Vo Francúzsku je pokles a diferenciácia pracovného času. Veľký rozdiel je v individuálnom pracovnom čase. Príloha: ako definovať a merať pracovný čas. (Futuribles 1992, č.165-166.). | ||
| 610 | 2 | 0 | |a čas pracovný |
| 610 | 2 | 0 | |a porovnanie štatistické medzinárodné |
| 610 | 2 | 0 | |a meranie času |
| 100 | 1 | |a Marchand, O. | |